000 00609nam a2200169 a 4500
008 120416s1982 ||||||||||||||||| || u
020 _a0710801742
050 _aHC 106.7 Min
100 _aMinsky, Hyman P
245 1 0 _aInflation, recession and economic policy
260 _aBrighton, Sussex
_bWheatabeaf Books
_c1982
300 _axxiv, 301p. : ill.
350 _a0.00
650 0 _aECONOMICS
650 _aINFLATION (FINANCE)--ECONOMIC POLICY
995 _D0.00
_FCBU-MAIN LIBRARY (Kitwe)
_H1
_I35.00
_M1
_UAVAILABLE
_ZMain Library Open Access Collection
999 _c46817
_d46817